| 000 | 00687nam a2200193 a 4500 | ||
|---|---|---|---|
| 005 | 20210223122131.0 | ||
| 008 | 991125s1994 mx 000 0 spa u | ||
| 020 | _a9688928992 | ||
| 035 | _aUPN01000030101 | ||
| 049 | _aC | ||
| 050 | 4 |
_aHA763 _bC64 1993 |
|
| 110 | 2 | _aInstituto Nacional de Estadística, Geografía e Informática (México) | |
| 245 | 1 | 0 |
_aIndicadores de competitividad de la economía mexicana : _bnúmero 4 / _cInstituto Nacional de Estadística, Geografía e Informática. |
| 260 |
_aMéxico : _bINEGI, _c1994. |
||
| 300 | _a21 p. | ||
| 650 | 4 |
_aCOMPETENCIA INTERNACIONAL _99832 |
|
| 651 | 4 |
_aMEXICO - _xCONDICIONES ECONOMICAS - _vESTADISTICA _913157 |
|
| 905 | _aLibro | ||
| 999 |
_c30101 _d30101 |
||